Europäische Kunstgeschichte - Statistiken

Allgemein
  • Dieses Quiz wurde 135 mal gespielt
  • Das Durchschnittsergebnis liegt bei 7 aus 18
Antwortstatistiken
Hint Antwort % Korrekt
Name der von Michelangelo geschaffenen Skulptur, die in der Galleria dell’Accademia in Florenz ausgestellt wird und eine höhe von 5,17 Metern misst David
77%
Name des niederländischen Künstlers, von dem "die Nachtwache" stammt Rembrandt van Rijn
72%
Wer ist, laut griechischer Mythologie, die Göttin der Schönheit? Aphrodite
71%
Welche Florentiner Familie beeinflusste Europa jahrhundertelang und gründete 1397 eine Bank in Florenz? Medici
71%
Welches Tier ist Attribut des San Marco und gleichzeitig Symbol der Stadt Venedig? Der Markuslöwe /Löwe von San Marco
59%
Wie viele "Stufen der Hölle" illustrierte Sandro Botticelli nach Dantes Beschreibung? Neun
49%
Welcher französische Maler war regelrecht besessen von Licht und Farbe? Claude Monet
44%
Welcher, aus Ägypten stammender, Granit-"Stein" ragt, auf dem Place de la Concorde in Paris, 23 Meter in die Höhe? Obelisk von Luxor
41%
Aus welcher Stadt wurde Dante Alighieri verbannt? Florenz
40%
Welches ist das wohl berühmteste Fresko an der Decke der Sixtinischen Kapelle, gemalt von Michelangelo? Die Erschaffung Adams
32%
Wer ist Verfasser der "Divina Commedia"? Dante Alighieri
31%
Wo befindet sich das Gemälde "Hochzeit zu Kana" von Paolo Veronese heute,nach dem es 1797 aus Venedig gestohlen wurde Im Louvre Museumin Paris
30%
Auf welches Meer blickt der Wanderer in Caspar David Friedrichs Gemälde von 1818? Nebelmeer
25%
Welches ist, nach der "Divina Commedia", das erste Jenseitsreich? Hölle/ Inferno
16%
Name eines berühmten römischen Adelsgeschlechts, dessen Familienmitglied "Camillo" 1605 als Paul V. zum Papst gewählt wurde Borghese
6%
Welche Kirche wird auch "Kirche zu den neun Chören der Engel" genannt? Hofkirche in Wien
4%
Wo kommt die römische Göttin Venus in Botticellis "Geburt der Venus" an? Paphos, Zypern
4%
Wer hat die Saint Anne Metterza gemalt? Masaccio
2%
Keine übereinstimmenden Quizze gefunden
Verteilung der Resultate
Anzahl Personen mit jedem Resultat
Perzentil nach korrekt beantworteten Fragen
Ihre Resultats-Entwicklung
Sie haben dieses Quiz noch nicht gespielt